| 000 | 01047nam a2200253Ia 4500 | ||
|---|---|---|---|
| 003 | OSt | ||
| 005 | 20210923124837.0 | ||
| 008 | 130821s ck gr spa | ||
| 020 | _a813711X | ||
| 040 |
_aCo-BoUCM _cCO-JMCR |
||
| 041 | 0 | 0 | _aspa |
| 082 | 0 | 4 |
_223 _a338.4791 / _bM665d |
| 110 | 2 |
_aColombia _bMinisterio de Desarrollo Económico _94041 |
|
| 245 | 1 | 0 |
_aDescentralización turística en Colombia / _cMinisterio de Desarrollo Económico |
| 260 |
_aBogotá (Colombia) _bMindesarrollo _c[fecha desconocida] |
||
| 300 |
_a71 páginas : _bilustraciones y fotografías en blanco y negro ; _c28 cm. |
||
| 500 | _aIncluye anexos. | ||
| 505 | _a¿Por qué la descentralización?. -- Antecedentes. -- El esquema normativo actual. -- Las instancias encargadas del turismo a nivel territorial. -- Instrumentos para la acción local. | ||
| 650 | 1 | 4 |
_aComercio turístico _zColombia _933480 |
| 650 | 2 | 4 |
_aPromoción de turismo _zColombia _933481 |
| 650 | 2 | 4 |
_aTurismo _zColombia _933482 |
| 690 |
_aEconoma̕ del trabajo _940755 |
||
| 942 |
_cBK _2ddc |
||
| 999 |
_c12503 _d12503 |
||